[Event "Hamburg CupT"]
[Site "Hamburg"]
[Date "2012.02.18"]
[Round "1.2"]
[White "Lewald, Stephan"]
[Black "Kempe, Joerg"]
[Result "1/2-1/2"]
[WhiteElo "1884"]
[BlackElo "1806"]
[PlyCount "32"]
[EventDate "2012.02.18"]
[EventType "team-k.o."]
[EventRounds "4"]
[EventCountry "GER"]
[SourceTitle "EXT 2022"]
[Source "ChessBase"]
[SourceDate "2021.10.06"]
[SourceVersion "1"]
[SourceVersionDate "2021.10.06"]
[SourceQuality "1"]
[WhiteTeam "Volksdorf"]
[BlackTeam "Wilhelmsburg"]
[WhiteTeamCountry "GER"]
[BlackTeamCountry "GER"]

1. e4 c5 2. d4 cxd4 3. c3 dxc3 4. Nxc3 e6 5. Nf3 d6 6. Bc4 a6 7. 0-0 Be7 8. Qe2 Nc6 9. Rd1 Qc7 10. Bf4 Nf6 11. Rac1 0-0 12. h3 Rd8 13. e5 Ne8 14. exd6 Bxd6 15. Bxd6 Nxd6 16. Bd3 h6 1/2-1/2

[Event "Hamburg-chA"]
[Site "Hamburg"]
[Date "2010.05.26"]
[Round "5.2"]
[White "Kempe, Joerg"]
[Black "Haack, Stefan"]
[Result "1/2-1/2"]
[WhiteElo "1752"]
[BlackElo "1775"]
[PlyCount "29"]
[EventDate "2010.05.22"]
[EventType "swiss"]
[EventRounds "9"]
[EventCountry "GER"]
[SourceTitle "EXT 2011"]
[Source "ChessBase"]
[SourceDate "2010.11.26"]
[SourceVersion "1"]
[SourceVersionDate "2010.11.26"]
[SourceQuality "1"]

1. d4 d5 2. Nf3 Nf6 3. e3 a6 4. Bd3 Bg4 5. Nbd2 Nbd7 6. h3 Bh5 7. c3 Bg6 8. Bxg6 hxg6 9. Qe2 e6 10. e4 dxe4 11. Nxe4 c6 12. Bf4 Nxe4 13. Qxe4 Nf6 14. Qc2 Bd6 15. Bxd6 1/2-1/2

[Event "Hamburg-chA"]
[Site "Hamburg"]
[Date "2010.05.25"]
[Round "4.1"]
[White "Hein, Stefan"]
[Black "Kempe, Joerg"]
[Result "1-0"]
[WhiteElo "1836"]
[BlackElo "1752"]
[PlyCount "65"]
[EventDate "2010.05.22"]
[EventType "swiss"]
[EventRounds "9"]
[EventCountry "GER"]
[SourceTitle "EXT 2011"]
[Source "ChessBase"]
[SourceDate "2010.11.26"]
[SourceVersion "1"]
[SourceVersionDate "2010.11.26"]
[SourceQuality "1"]

1. d4 Nf6 2. Nf3 d5 3. c4 e6 4. g3 Be7 5. Bg2 0-0 6. 0-0 c6 7. Qc2 Nbd7 8. Rd1 b6 9. b3 Bb7 10. Bb2 c5 11. Ne5 Rc8 12. Nxd7 Qxd7 13. dxc5 Bxc5 14. Qd2 Qe7 15. Qf4 Ne4 16. Bxe4 dxe4 17. e3 Rcd8 18. Nc3 Bd6 19. Qg4 f5 20. Qe2 Qg5 21. Nb5 Bb8 22. Ba3 Rfe8 23. Bd6 a6 24. Bxb8 Rxb8 25. Nd6 Rf8 26. Nxb7 Rxb7 27. Rd6 e5 28. Rad1 f4 29. exf4 exf4 30. Qxe4 Rbf7 31. Qe6 fxg3 32. hxg3 Kh8 33. Qxf7 1-0

[Event "Hamburger Liga Aufstieg"]
[Site "Hamburg"]
[Date "2009.08.16"]
[Round "4.6"]
[White "Kempe, Joerg"]
[Black "Sternberg, Lew"]
[Result "0-1"]
[WhiteElo "1718"]
[BlackElo "2053"]
[PlyCount "54"]
[EventDate "2009.08.08"]
[EventType "swiss"]
[EventRounds "6"]
[EventCountry "GER"]
[SourceTitle "EXT 2022"]
[Source "ChessBase"]
[SourceDate "2021.10.06"]
[SourceVersion "1"]
[SourceVersionDate "2021.10.06"]
[SourceQuality "1"]

1. Nf3 d6 2. d4 Nc6 3. e3 Bg4 4. c3 e5 5. dxe5 Nxe5 6. Qa4+ Bd7 7. Qb3 Nxf3+ 8. gxf3 Bc6 9. e4 Qf6 10. Be2 Ne7 11. Be3 Ng6 12. Nd2 Nf4 13. Bd4 Qg5 14. Bc4 Ng2+ 15. Kd1 0-0-0 16. Bxa7 d5 17. exd5 Bxd5 18. Bxd5 Rxd5 19. Bd4 c5 20. Be3 Qf5 21. Kc1 Bd6 22. Nc4 Be7 23. Rd1 Rhd8 24. Rxd5 Qxd5 25. Qa4 Nxe3 26. fxe3 Qd3 27. b3 Qxc3+ 0-1

[Event "Hamburger Liga Aufstieg"]
[Site "Hamburg"]
[Date "2009.08.15"]
[Round "3.6"]
[White "Schmuck, Martin"]
[Black "Kempe, Joerg"]
[Result "1/2-1/2"]
[WhiteElo "1893"]
[BlackElo "1718"]
[PlyCount "85"]
[EventDate "2009.08.08"]
[EventType "swiss"]
[EventRounds "6"]
[EventCountry "GER"]
[SourceTitle "EXT 2022"]
[Source "ChessBase"]
[SourceDate "2021.10.06"]
[SourceVersion "1"]
[SourceVersionDate "2021.10.06"]
[SourceQuality "1"]

1. e4 c5 2. Nf3 e6 3. c3 Nc6 4. d4 cxd4 5. cxd4 Bb4+ 6. Nc3 Nge7 7. a3 Bxc3+ 8. bxc3 0-0 9. Bd3 Qc7 10. e5 Ng6 11. h4 Nxd4 12. cxd4 Qc3+ 13. Qd2 Qxa1 14. h5 Ne7 15. Ng5 h6 16. Nh7 Nd5 17. Nxf8 Kxf8 18. Be4 Qc3 19. Rh3 Qxd2+ 20. Bxd2 b6 21. Bxd5 exd5 22. Bb4+ Kg8 23. Rc3 Bb7 24. Kd2 Bc6 25. Ke3 Re8 26. f4 f6 27. g4 Kf7 28. a4 Bxa4 29. Rc7 a5 30. Bd6 Bc6 31. f5 fxe5 32. dxe5 Ra8 33. Kd4 a4 34. e6+ Ke8 35. exd7+ Bxd7 36. Rc3 a3 37. Re3+ Kd8 38. Be7+ Kc7 39. Rxa3 Ra4+ 40. Rxa4 Bxa4 41. Kxd5 Bd1 42. Bf8 Bxg4 43. Bxg7 1/2-1/2

[Event "Harburg-chG 6th"]
[Site "Hamburg"]
[Date "2008.07.19"]
[Round "3"]
[White "Brodmann, Anton"]
[Black "Kempe, Joerg"]
[Result "0-1"]
[WhiteElo "1530"]
[BlackElo "1676"]
[PlyCount "118"]
[EventDate "2008.07.18"]
[EventType "tourn"]
[EventRounds "5"]
[EventCountry "GER"]
[SourceTitle "EXT 2009"]
[Source "ChessBase"]
[SourceDate "2008.11.26"]
[SourceVersion "1"]
[SourceVersionDate "2008.11.26"]
[SourceQuality "1"]

1. e4 g6 2. d4 Bg7 3. Bc4 d6 4. h3 Nf6 5. Nc3 Nbd7 6. Nf3 0-0 7. Bf4 Nh5 8. Be3 e5 9. d5 Nb6 10. Bb3 f5 11. exf5 gxf5 12. Ng5 Nf6 13. Ne6 Bxe6 14. dxe6 Qe7 15. Bg5 c6 16. a4 d5 17. a5 Nc4 18. Bxc4 dxc4 19. Bxf6 Rxf6 20. Qd7 Rxe6 21. 0-0-0 Re8 22. h4 Qxd7 23. Rxd7 R8e7 24. Rhd1 Kf7 25. Na4 Rxd7 26. Rxd7+ Re7 27. Rd6 Rc7 28. Nc5 b6 29. Rd7+ Rxd7 30. Nxd7 bxa5 31. Nb8 c5 32. Nc6 Ke6 33. Nxa5 Kd5 34. Kd2 Bf6 35. b3 cxb3 36. cxb3 Bxh4 37. g3 Bd8 38. Nc4 f4 39. gxf4 exf4 40. Kd3 Bh4 41. f3 Be1 42. Ke2 Bc3 43. Kd3 Bd4 44. Nd2 h5 45. Ne4 h4 46. Ng5 Bf6 47. Nh3 Be5 48. Ng5 a5 49. Nh3 a4 50. bxa4 c4+ 51. Kc2 Kc5 52. Nf2 Kb4 53. a5 Kxa5 54. Nh3 Kb5 55. Nf2 Kc5 56. Nh3 Kd4 57. Nf2 c3 58. Ng4 Bg7 59. Kc1 Kd3 0-1